Triển vọng lớn lao = Great expectations
Enregistré dans:
| Auteur principal: | |
|---|---|
| Format: | Livre |
| Langue: | Undetermined |
| Publié: |
Hà Nội
Văn Học
1996
|
| Sujets: | |
| Tags: |
Ajouter un tag
Pas de tags, Soyez le premier à ajouter un tag!
|
| Thư viện lưu trữ: | Trung tâm Học liệu Trường Đại học Cần Thơ |
|---|
| LEADER | 00611nam a2200181Ia 4500 | ||
|---|---|---|---|
| 001 | CTU_37451 | ||
| 008 | 210402s9999 xx 000 0 und d | ||
| 082 | |a 823.8 | ||
| 082 | |b D548t | ||
| 100 | |a Triển vọng lớn lao | ||
| 245 | 0 | |a Triển vọng lớn lao | |
| 245 | 0 | |b = Great expectations | |
| 245 | 0 | |c Triển vọng lớn lao, Charles Dickens; Dịch giả: Anh Huy, Hoàng Ly | |
| 260 | |a Hà Nội | ||
| 260 | |b Văn Học | ||
| 260 | |c 1996 | ||
| 650 | |a english fiction ( vietnamese ),english literature - 19th century | ||
| 980 | |a Trung tâm Học liệu Trường Đại học Cần Thơ | ||